000 00744nam a22002417a 4500
999 _c13927
_d13927
003 AR-CdUCM
008 190417b ||||| |||| 00| 0 spa d
040 _aMUNICIPALIDAD PROVINCIAL DEL CUSCO
_cBIBLIOTECA MUNICIPAL DEL CUSCO
082 _22ed.
_aES / 372.49 /
_bEU94
100 _aEugenia Rojas, Maria
_932544
245 _aAntologia de Cuentos infantiles /
260 _aSantiago :
_bZig - Zag,
_c1963.
300 _a167 paginas ;
_bilustraciones,
_c20 cm.
500 _aCuentos infantiles
505 _aContenido: Cuentos infantiles
650 _aCuentos
_9217
650 _aHistoria
_9136
650 _aLiteratura
_983
650 _aChile
_91150
700 _aClety, M de
_932545
942 _2ddc
_cLIBROS
945 _apjha
_d2019-04-17